LEADER 00993nam a2200253 u 4500 001 000000022928 003 CaOOAMICUS 005 20070226111200.0 008 950425s1975 it u000 u ita u 035 $a10576884 040 $aPUL$bita 100 1 $aSegre, Augusto,$d1915-$0(OLS)http://pul/name/19418 245 10$aMosč :$bnostro maestro /$cA. Segre. 260 $aFossano :$bEditrice Esperienze,$cc1975. 300 $a466 p. ;$c22 cm 490 1 $aMaestri di spiritualitą.$aMondo biblico 600 04$aMoses,$cprofeta.$0(OLS)http://pul/subject/3676 830 0$aMaestri di spiritualitą.$pMondo biblico.$0(OLS)http://pul/title/31927 850 $aPUL 852 $aPUL$W1$xSL Religione 1$y3$m6 B 21$j32144$nBK-PRI$b $qStampati$B32144$CPULBib$Z2$F32144 $H $81 941 1 $a8 961 $aINV: 42052. 996 $6245$aMosč :$bnostro maestro$9(OLS)http://pul/title/31926 996 $6260$aFossano :$bEditrice Esperienze$9(OLS)http://pul/publisher/51270 LEADER 01332nam a2200265 u 4500 001 000000040767 003 CaOOAMICUS 005 20070226114135.0 008 980615s1996 it ach u000 u ita u 020 $a8880250639 035 $a10798163 040 $aBAV$bita$dPUL(R) 100 1 $aSani, Roberto,$d1958-$0(OLS)http://pul/name/30046 245 10$aChiesa, educazione e societą nella Lombardia del primo Ottocento :$bgli istituti religiosi tra impegno educativo e nuove forme di apostolato (1815-1860) /$ca cura di Roberto Sani. 260 $aMilano :$bCentro Ambrosiano,$cc1996. 300 $a411 p., 20 p. di tav. :$bill., ritr., facs. ;$c24 cm 504 $aComprende indicazioni bibliografiche. 651 4$aLombardia$xStoria ecclesiastica$ySec. XIX.$0(OLS)http://pul/subject/18395 850 $aPUL 852 $aPUL$W1$xSL Filosofia 1$y2$m119 F 30$j55360$nBK-PRI$b $qStampati$B55360$CPULBib$Z2$F55360 $H $81 941 1 $a8 961 $aINV: 74697 996 $6020$a8880250639$9(OLS)http://pul/number/50588 996 $6245$aChiesa, educazione e societą nella Lombardia del primo Ottocento :$bgli istituti religiosi tra impegno educativo e nuove forme di apostolato (1815-1860)$9(OLS)http://pul/title/54968 996 $6260$aMilano :$bCentro Ambrosiano$9(OLS)http://pul/publisher/64424